000 00446nam a2200145Ia 4500
008 100122s9999 xx 000 0 und d
082 _b61195
_a329.954
100 _aकापसे राम
245 _aजनसंघ ते भाजपा
260 _bवसंत पटवर्धन
_c2002
300 _a272
630 _aजनसंघ ते भाजपा
730 _aजनसंघ ते भाजपा
942 _cBOOK
999 _c436069
_d436066